| 000 | 00376nam a2200145Ia 4500 | ||
|---|---|---|---|
| 008 | 230917s9999||||xx |||||||||||||| ||und|| | ||
| 040 |
_e23134 _aMAIN |
||
| 041 | _aEnglish | ||
| 082 | _a330.122 D654S | ||
| 100 | _aDobb, Maurice | ||
| 245 | 0 | _aStudies in the development of capitalism | |
| 260 |
_aLondon _bRoutledge & Kegan Paul _c1959 |
||
| 300 | _aix, 396 p. | ||
| 942 | _cBK | ||
| 999 |
_c46668 _d46668 |
||